Community psychology: Emerging issues and challenges (Record no. 394770)

MARC details
000 -LEADER
fixed length control field 00616 a2200229 4500
005 - DATE & TIME
control field 20260205142905.0
008 - FIXED-LENGTH DATA ELEMENTS--GENERAL INFORMATION
fixed length control field 260205b |||||||| |||| 00| 0 eng d
020 ## - ISBN
International Standard Book Number 9781032780924
Price Rs. 1595.00
040 ## - CATALOGING SOURCE
Original cataloging agency VIVEKANANDA LIBRARY
082 ## - DDC NUMBER
Classification number 150.193
Book Number D35C
100 ## - MAIN ENTRY--PERSONAL NAME
Personal name Deb, Sibnath
245 ## - TITLE STATEMENT
Title Community psychology: Emerging issues and challenges
260 ## - PUBLICATION, DISTRIBUTION, ETC. (IMPRINT)
Name of publisher, distributor, etc Routledge
Date of publication, distribution, etc 2024
Place of publication, distribution, etc London
300 ## - PHYSICAL DESCRIPTION
Pages xxiv, 470
650 ## - Subject
Subject Psychology
650 ## - Subject
Subject Psychological Theory
650 ## - Subject
Subject Community Psychology
700 ## - Added Entry Personal Name
Added Entry Personal Name Sunny, Aleena Maria
700 ## - Added Entry Personal Name
Added Entry Personal Name Sanyal, Nilanjana
700 ## - Added Entry Personal Name
Added Entry Personal Name Deb, Shayana
942 ## - ADDED ENTRY ELEMENTS (KOHA)
Koha item type Books
Holdings
Withdrawn status Lost status Source of classification or shelving scheme Damaged status Not for loan Location (home branch) Sublocation or collection (holding branch) Shelving location Date acquired Koha issues (times borrowed) Koha full call number Accession No. Koha date last seen Koha item type
    Dewey Decimal Classification     VIVEKANANDA LIBRARY VIVEKANANDA LIBRARY Vivekananda Library 22/01/2026   150.193 D35C 444405 22/01/2026 Books
© Designed and Maintained by Vivekananda Library, MDU Rohtak